000 00225nam a22000857a 4500
008 160916b xxu||||| |||| 00| 0 eng d
100 _9619
_aDewan.P.etal
245 _aEnglish Grammer-4
260 _aNew Delhi
_bESP. Publications
_c2012
999 _c3278
_d3278